| 000 | 00565nam a2200169 a 4500 | ||
|---|---|---|---|
| 008 | 120416s1971 ||||||||||||||||| || u | ||
| 050 | _aHD 5724 Gal | ||
| 100 | _aGallaway, Lowell Evgene | ||
| 245 | 1 | 0 | _aManpower economics |
| 260 |
_aHomewood,Ill. _bIrwin _c1971 |
||
| 300 | _axiii, 257p : ill | ||
| 350 | _a0.00 | ||
| 650 | _aLABOUR | ||
| 650 | _aMANPOWER DEVELOPMENT | ||
| 650 | _aMANPOWER--ECONOMICS | ||
| 995 |
_D0.00 _FCBU-MAIN LIBRARY (Kitwe) _H1 _I0.00 _M1 _UAVAILABLE _ZAnnex Low-Usage Collection |
||
| 999 |
_c50263 _d50263 |
||